Central Library OPAC University of Rajshahi

Estonian Soviet Socialist Republic / (Record no. 27499)

MARC details
000 -LEADER
fixed length control field 00652cam a2200241 4500
001 - CONTROL NUMBER
control field 27499
003 - CONTROL NUMBER IDENTIFIER
rucl marc code BD-RjUL
005 - DATE AND TIME OF LATEST TRANSACTION
control field 20211209051149.0
008 - FIXED-LENGTH DATA ELEMENTS--GENERAL INFORMATION
fixed length control field 140325s1972 ru a 000 0 eng d
035 ## - SYSTEM CONTROL NUMBER
System control number (BD-RjUL)27573
040 ## - CATALOGING SOURCE
Original cataloging agency DLC
Transcribing agency DLC
Modifying agency DLC
-- BD-RjUL
Language of cataloging eng
041 ## - LANGUAGE CODE
Language code of text/sound track or separate title eng
082 00 - DEWEY DECIMAL CLASSIFICATION NUMBER
Classification number 914.7410385
Author mark and year EST 1972
245 00 - TITLE STATEMENT
Title Estonian Soviet Socialist Republic /
260 ## - PUBLICATION, DISTRIBUTION, ETC. (IMPRINT)
Place of publication, distribution, etc. Moscow :
Name of publisher, distributor, etc. Novosti Press Agency Pub. House,
Date of publication, distribution, etc. 1972.
300 ## - PHYSICAL DESCRIPTION
Pagination 65 p. :
Illustrations ill. ;
Size 17 cm.
350 ## - PRICE (NR) (BK AM CF MU VM SE) [OBSOLETE]
Price 0.39rub
500 ## - GENERAL NOTE
General note On cover: USSR Estonia.
651 #0 - SUBJECT ADDED ENTRY--GEOGRAPHIC NAME
Geographic name Estonia.
9 (RLIN) 84476
942 ## - ADDED ENTRY ELEMENTS (KOHA)
Source of classification or shelving scheme Dewey Decimal Classification
Koha item type Books
Holdings
Lost status Source of classification or shelving scheme Damaged status Not for loan Collection code Permanent Location Current Location Shelving location Date acquired Source of acquisition Total Checkouts Full call number Date last seen Copy number Koha item type
  Dewey Decimal Classification   Added to bundle Non-fiction Central Library, University of Rajshahi Central Library, University of Rajshahi Reading Room 05/05/1975 Asia Fundation Gift   914.7410385 EST 1972 25/03/2014 C-1 Books